[Event "Dundee & Angus Open"]
[Site "?"]
[Date "2012.??.??"]
[Round "2"]
[White "Berry, Neil"]
[Black "McBride, John"]
[Result "1-0"]
[WhiteElo "2216"]
[BlackElo "1858"]
[PlyCount "59"]

1. d4 d5 2. c4 e6 3. Nc3 Nf6 4. cxd5 exd5 5. Bg5 c6 6. Qc2 Be7 7. e3 Nbd7 8.
Bd3 h6 9. Bh4 O-O 10. Nge2 Re8 11. O-O Nf8 12. f3 N6d7 13. Bxe7 Qxe7 14. e4 Nb6
15. e5 c5 16. f4 c4 17. Bf5 Bxf5 18. Qxf5 a6 19. Qg4 Qd7 20. f5 Rac8 21. Nf4
Rc6 22. Nh5 g6 23. e6 Qe7 24. fxg6 fxg6 25. Nf6+ Kh8 26. Nxe8 Qxe8 27. Qf4 Nxe6
28. Qxh6+ Kg8 29. Rae1 Rc7 30. Rxe6 1-0

[Event "Dundee & Angus Open"]
[Site "?"]
[Date "2012.??.??"]
[Round "2"]
[White "Jelfs, Alan"]
[Black "Neave, George"]
[Result "0-1"]
[WhiteElo "1858"]
[BlackElo "2051"]
[PlyCount "56"]

1. d4 Nf6 2. c4 g6 3. Nc3 Bg7 4. e4 d6 5. Be2 O-O 6. Be3 e5 7. d5 a5 8. Nf3 Ng4
9. Bg5 f6 10. Bh4 Na6 11. Nd2 h5 12. h3 Nh6 13. f3 Nf7 14. a3 Bd7 15. Rb1 Nc5
16. Ra1 a4 17. b4 axb3 18. Nxb3 Na4 19. Qc2 Bh6 20. Bf2 Nxc3 21. Qxc3 f5 22.
Be3 fxe4 23. Bxh6 Qh4+ 24. Kd2 Nxh6 25. Qe3 Nf5 26. Qxe4 Qg5+ 27. Kc3 Ng3 28.
Qb1 Nxe2+ 0-1

[Event "Dundee & Angus Open"]
[Site "?"]
[Date "2012.??.??"]
[Round "2"]
[White "Edwards, Jonathan"]
[Black "MacQueen, Calum"]
[Result "1/2-1/2"]
[WhiteElo "1987"]
[BlackElo "2272"]
[PlyCount "39"]

1. d4 Nf6 2. c4 g6 3. Nc3 Bg7 4. e4 d6 5. f4 O-O 6. Nf3 c5 7. d5 b5 8. cxb5 a6
9. bxa6 Bxa6 10. Bxa6 Nxa6 11. O-O Qb6 12. Qe2 Nc7 13. Rb1 Rfe8 14. Rd1 e6 15.
dxe6 Nxe6 16. Qc4 Qb4 17. Qxb4 cxb4 18. Nd5 Nxe4 19. Nxb4 Reb8 20. a3 1/2-1/2

[Event "Dundee & Angus Open"]
[Site "?"]
[Date "2012.??.??"]
[Round "2"]
[White "McLean, Ian"]
[Black "Sreeves, Clement"]
[Result "0-1"]
[WhiteElo "1837"]
[BlackElo "2213"]
[PlyCount "134"]

1. Nf3 Nf6 2. g3 g6 3. Bg2 Bg7 4. O-O O-O 5. d3 d6 6. e4 c5 7. Nc3 Nc6 8. h3
Rb8 9. Be3 b5 10. Qd2 b4 11. Ne2 Nd7 12. Bh6 Bxb2 13. Bxf8 Bxa1 14. Bxe7 Qxe7
15. Rxa1 Nde5 16. Nxe5 Qxe5 17. Rb1 Nd4 18. Kh2 Nxe2 19. Qxe2 Be6 20. c4 Rb6
21. f4 Qd4 22. g4 a5 23. Rf1 a4 24. Kh1 b3 25. axb3 axb3 26. f5 b2 27. Rb1 Bd7
28. Qc2 Rb4 29. Bf1 Kg7 30. Kg2 Ba4 31. Qd2 Bc6 32. Qc2 Rb8 33. Be2 Kf6 34. Bf3
Qe5 35. Qd2 Kg7 36. Qc2 h5 37. Qd2 h4 38. Kf1 Qg3 39. Bg2 Rb3 40. fxg6 fxg6 41.
Qc2 Qxd3+ 42. Qxd3 Rxd3 43. Rxb2 Rd4 44. Rb6 Bxe4 45. Bxe4 Rxe4 46. Rxd6 Rxc4
47. Ke2 Rc3 48. Rc6 Kh6 49. Kf2 Rxh3 50. Rxc5 Rg3 51. Rc4 Kg5 52. Rb4 Rxg4 53.
Rb5+ Kh6 54. Rb3 g5 55. Rb6+ Kh5 56. Rb8 Ra4 57. Kg2 Ra2+ 58. Kh1 h3 59. Rb4 g4
60. Rb5+ Kh4 61. Rb4 Rf2 62. Kg1 Rf3 63. Kh1 Kg3 64. Rb1 h2 65. Ra1 Kh3 66. Rb1
g3 67. Rg1 g2+ 0-1

[Event "Dundee & Angus Open"]
[Site "?"]
[Date "2012.??.??"]
[Round "2"]
[White "Donohue, Tom"]
[Black "Tsang, Sai Kong"]
[Result "1/2-1/2"]
[WhiteElo "1830"]
[BlackElo "2012"]
[PlyCount "59"]

1. e4 c5 2. Nf3 Nc6 3. d4 cxd4 4. Nxd4 Nf6 5. Nc3 d6 6. Be2 e6 7. O-O Be7 8.
Kh1 O-O 9. f4 Bd7 10. Nb3 a6 11. a4 Nb4 12. Bf3 Rc8 13. Be3 d5 14. e5 Ne4 15.
Bxe4 dxe4 16. Nd4 Rc4 17. Nxe4 Nxc2 18. Nxc2 Rxe4 19. b3 Bc6 20. Qxd8 Rxd8 21.
Rad1 Bd5 22. Rd3 g6 23. Kg1 Rc8 24. Nd4 Kg7 25. Kf2 Bb4 26. Rc1 Rxc1 27. Bxc1
Bc5 28. Be3 Bxd4 29. Rxd4 Rxd4 30. Bxd4 1/2-1/2

[Event "Dundee & Angus Open"]
[Site "Dundee & Angus Congress 2012"]
[Date "2012.??.??"]
[Round "2"]
[White "Borwell, Alan "]
[Black "Abdulla, Murad "]
[Result "0-1"]
[WhiteElo "1952"]
[BlackElo "1746"]
[PlyCount "94"]

1. e4 c5 2. b3 d6 3. Bb2 Nc6 4. Bb5 Nf6 5. Nc3 Bd7 6. Nge2 a6 7. Bxc6 Bxc6 8.
d3 g6 9. Nd5 Bxd5 10. exd5 Bg7 11. O-O O-O 12. c4 e6 13. dxe6 fxe6 14. Nf4 Qd7
15. Qc2 Rae8 16. Rae1 e5 17. Nh3 Bh6 18. Bc1 Bg7 19. Bd2 b6 20. f4 Ng4 21. Kh1
b5 22. Bc1 Qf5 23. Qd1 Qd7 24. Qf3 Kh8 25. Ng5 Bh6 26. h3 Bxg5 27. Qxg4 Qxg4
28. hxg4 exf4 29. Rxe8 Rxe8 30. Bxf4 Bxf4 31. Rxf4 Kg7 32. Kg1 Re1+ 33. Rf1
Rxf1+ 34. Kxf1 Kf6 35. Kf2 Ke5 36. Ke3 g5 37. g3 h6 38. d4+ cxd4+ 39. Kd3 a5
40. Kd2 Ke4 41. Ke2 d3+ 42. Kd2 Kd4 43. Kd1 Ke3 44. Ke1 d2+ 45. Kd1 Kd3 46. a4
bxa4 47. b4 a3 0-1

[Event "Dundee & Angus Open"]
[Site "?"]
[Date "2012.??.??"]
[Round "3"]
[White "Sreeves, Clement"]
[Black "Dawson, Alastair"]
[Result "1-0"]
[WhiteElo "2213"]
[BlackElo "1760"]
[PlyCount "50"]

1. e4 e6 2. d4 d5 3. Nc3 dxe4 4. Nxe4 Bd7 5. Nf3 Bc6 6. Bd3 Nd7 7. O-O Ngf6 8.
Ned2 Be7 9. Nc4 O-O 10. Na5 Bxf3 11. Qxf3 c6 12. Nxb7 Qb6 13. Nc5 Nxc5 14. dxc5
Bxc5 15. Bd2 Rac8 16. Rae1 Bb4 17. c3 Be7 18. Bc1 c5 19. c4 Rcd8 20. Re3 Rd7
21. b3 h6 22. Qh3 Nh7 23. Rg3 Kh8 24. Rxg7 Rxd3 25. Rxh7+ 25... Kxh7 {
The other player has the final move as 25. Qxh6} 1-0

[Event "Dundee & Angus Open"]
[Site "?"]
[Date "2012.??.??"]
[Round "3"]
[White "McBride, John"]
[Black "Grant, David"]
[Result "0-1"]
[WhiteElo "1858"]
[BlackElo "1906"]
[PlyCount "66"]

1. d4 g6 2. Nf3 d6 3. c4 Nf6 4. Nc3 Bg7 5. e4 O-O 6. h3 Nc6 7. Be3 e5 8. d5 Ne7
9. g4 Ne8 10. g5 f5 11. gxf6 Bxf6 12. Be2 Bd7 13. Qd2 a6 14. a4 Ng7 15. Bh6 Kh8
16. Ng5 Ng8 17. Bxg7+ Kxg7 18. Ne6+ Bxe6 19. dxe6 Bh4 20. Rf1 c6 21. Rd1 Qf6
22. Qe3 Qxe6 23. Qb6 Rf7 24. Rd3 Raf8 25. Nd1 Qxc4 26. Rxd6 Qc1 27. Qe3 Qxe3
28. Nxe3 Bxf2+ 29. Rxf2 Rxf2 30. Ng4 R2f7 31. Nxe5 Re7 32. Rd7 Rfe8 33. Bd3 Nf6
0-1

[Event "Dundee & Angus Open"]
[Site "?"]
[Date "2012.??.??"]
[Round "3"]
[White "Walker, Duncan"]
[Black "Findlay, David"]
[Result "0-1"]
[WhiteElo "1884"]
[BlackElo "2175"]
[PlyCount "110"]

1. Nf3 Nf6 2. g3 d5 3. d4 c5 4. c3 e6 5. Bg2 Be7 6. O-O O-O 7. Nbd2 Nc6 8. Re1
Qb6 9. e3 Bd7 10. Ne5 Be8 11. Kh1 Nxe5 12. dxe5 Nd7 13. e4 Nxe5 14. exd5 Nd3
15. Re2 exd5 16. Qc2 c4 17. Nf3 Bc5 18. Nd4 Bxd4 19. cxd4 Bc6 20. Be3 Rfe8 21.
a3 Qd8 22. Rd2 Rc8 23. h4 Qd6 24. Kh2 Bd7 25. Qc3 b6 26. Rxd3 cxd3 27. Qxd3 Be6
28. Qa6 Qd7 29. a4 Rc4 30. Bf1 Rc7 31. Bb5 Qc8 32. Qxc8 Rexc8 33. Bd3 a5 34.
Bf4 Rd7 35. Ra3 Ra7 36. Rb3 Bd7 37. Rxb6 Bxa4 38. Ba6 Rd8 39. Bd3 Raa8 40. Bd6
Bd1 41. Kg2 a4 42. Ba3 Rab8 43. Rc6 Rb3 44. Ba6 Bf3+ 45. Kh2 h5 46. Bc8 Rd3 47.
Bc5 Rd2 48. Bb6 Rxf2+ 49. Kg1 Rg2+ 50. Kf1 Re8 51. Bd7 Rb8 52. Bc5 Rgxb2 53.
Ra6 Rc2 54. Bb6 Be2+ 55. Ke1 Bxa6 0-1

[Event "Dundee & Angus Open"]
[Site "?"]
[Date "2012.??.??"]
[Round "3"]
[White "Allor, Chukwuka"]
[Black "McLean, Ian"]
[Result "1-0"]
[WhiteElo "2163"]
[BlackElo "1837"]
[PlyCount "93"]

1. e4 c5 2. Nf3 e6 3. d4 cxd4 4. Nxd4 a6 5. Nc3 Qc7 6. Be2 Nf6 7. O-O d6 8. f4
Be7 9. Be3 O-O 10. Qe1 b5 11. Bf3 Bb7 12. e5 Nfd7 13. exd6 Bxd6 14. Ndxb5 axb5
15. Nxb5 Qa5 16. Nxd6 Bxf3 17. Qxa5 Rxa5 18. Rxf3 Nc6 19. Nc4 Ra6 20. c3 Rb8
21. b4 Ne7 22. Ne5 Nf6 23. a4 Ne4 24. b5 Rxb5 25. axb5 Rxa1+ 26. Rf1 Ra3 27.
Bd4 Rb3 28. c4 Nf5 29. Ba7 f6 30. Nd7 Nfd6 31. Re1 f5 32. Ne5 h6 33. g3 g5 34.
Bb8 Rc3 35. Bxd6 Nxd6 36. Rb1 gxf4 37. gxf4 Nxc4 38. Nxc4 Rxc4 39. b6 Rc8 40.
b7 Rb8 41. Kf2 Kf7 42. Ke3 Ke7 43. Kd4 Kd7 44. Ke5 h5 45. h4 Ke7 46. Rb5 Kf7
47. Rb6 1-0

[Event "Dundee & Angus Open"]
[Site "?"]
[Date "2012.??.??"]
[Round "3"]
[White "Kelly, John S."]
[Black "Grove, Michael"]
[Result "1-0"]
[WhiteElo "1803"]
[BlackElo "1922"]
[PlyCount "93"]

1. d4 Nf6 2. Nf3 c5 3. c3 g6 4. Bf4 cxd4 5. cxd4 Bg7 6. Nc3 O-O 7. e3 d6 8. h3
Qa5 9. Qa4 Qxa4 10. Nxa4 Nd5 11. Bg5 Bf5 12. Bc4 Nb4 13. O-O Re8 14. a3 N4c6
15. Rac1 h6 16. Bh4 g5 17. Bg3 Nd7 18. b4 a6 19. Bd5 Nf6 20. Bxc6 bxc6 21. Nb6
Rab8 22. Nc4 Bd7 23. Rfd1 Rec8 24. Nfd2 Nh5 25. Bh2 f5 26. Nb3 Be6 27. Nba5 f4
28. Nd2 Bd7 29. Ne4 Rb5 30. Nc3 Rbb8 31. Nc4 Be6 32. Ne2 c5 33. bxc5 dxc5 34.
d5 Bd7 35. exf4 g4 36. hxg4 Bxg4 37. f3 Bd7 38. g4 Nf6 39. f5 Rb3 40. Kg2 Bb5
41. Nf4 Rd8 42. Ng6 Nh7 43. Nxe7+ Kf7 44. d6 Bxc4 45. Rxc4 Bd4 46. Rd2 Ng5 47.
Nc6 1-0

[Event "Dundee & Angus Open"]
[Site "?"]
[Date "2012.??.??"]
[Round "3"]
[White "Tate, Alan"]
[Black "Bamber, Elaine"]
[Result "1-0"]
[WhiteElo "2349"]
[BlackElo "2095"]
[PlyCount "105"]

1. e4 e5 2. Nf3 Nc6 3. Bc4 Nf6 4. d3 Be7 5. O-O d6 6. a4 h6 7. a5 Be6 8. a6
Bxc4 9. dxc4 Qc8 10. axb7 Qxb7 11. Nc3 O-O 12. b3 Rfe8 13. Re1 Nd8 14. Nd5 Ne6
15. Nxf6+ Bxf6 16. Qd5 Qxd5 17. cxd5 Nc5 18. Ba3 Nb7 19. Re3 Rec8 20. Rc3 Be7
21. Bc1 Nc5 22. Rc4 f5 23. exf5 Bf6 24. Be3 e4 25. Nd4 Nd7 26. Ra5 Nb6 27. Rc6
Bxd4 28. Bxd4 Rab8 29. g4 Rb7 30. Kg2 Kf7 31. Kg3 Re8 32. h4 Re7 33. Kf4 Ke8
34. g5 hxg5+ 35. hxg5 Kd7 36. Bxb6 cxb6 37. Ra1 Re5 38. c4 a5 39. Rh1 b5 40.
Rh7 Re7 41. cxb5 Rxb5 42. Ra6 Rb7 43. Rxa5 Rc7 44. b4 Kc8 45. Ra8+ Kb7 46. Rhh8
Kb6 47. Rab8+ Ka6 48. b5+ Ka5 49. b6 Rb7 50. Rxb7 Rxb7 51. Rh1 Kb5 52. Rc1 Re7
53. Rb1+ 1-0

[Event "Dundee & Angus Open"]
[Site "?"]
[Date "2012.??.??"]
[Round "3"]
[White "Payada, Dmitriy"]
[Black "Edwards, Jonathan"]
[Result "0-1"]
[WhiteElo "2014"]
[BlackElo "1997"]
[PlyCount "58"]

1. e4 e5 2. Nf3 Nc6 3. Bb5 a6 4. Ba4 Nf6 5. O-O Be7 6. Re1 b5 7. Bb3 O-O 8. h3
d6 9. c3 Na5 10. Bc2 d5 11. exd5 e4 12. Ng5 Nxd5 13. Nxe4 f5 14. Ng3 f4 15. Ne4
f3 16. d4 fxg2 17. Kxg2 Qd7 18. Qh5 g6 19. Qh6 Qf5 20. Bd1 Nf6 21. Nbd2 Bb7 22.
f3 Nxe4 23. Nxe4 Rae8 24. b3 Bd8 25. Qe3 Bh4 26. Ba3 Bxe1 27. Bxf8 Bxe4 28.
fxe4 Rxe4 29. Qf3 Rf4 0-1

[Event "Dundee & Angus Open"]
[Site "?"]
[Date "2012.??.??"]
[Round "3"]
[White "Murdochy, Shivan"]
[Black "Borwell, Alan"]
[Result "0-1"]
[WhiteElo "1880"]
[BlackElo "1952"]
[PlyCount "106"]

1. d4 Nf6 2. c4 e6 3. Nc3 Bb4 4. f3 O-O 5. e4 Bxc3+ 6. bxc3 d6 7. Bd3 e5 8. Ne2
h6 9. Be3 Nbd7 10. Qd2 c5 11. d5 Nh7 12. h4 f5 13. exf5 e4 14. fxe4 Ne5 15. Nf4
Nf6 16. Ne6 Bxe6 17. dxe6 b5 18. cxb5 c4 19. Bc2 Qe7 20. Bf4 Nfg4 21. Qd5 Rac8
22. Rd1 Rfd8 23. a4 Rc5 24. Qd4 Kh8 25. Rd2 Rcc8 26. Bd1 Nf6 27. Be2 Nd3+ 28.
Bxd3 cxd3 29. Rxd3 d5 30. e5 Ne4 31. Qb4 Nc5 32. Rf3 d4 33. Bg5 Qc7 34. Bxd8
Qxe5+ 35. Kf1 Rxd8 36. cxd4 Rxd4 37. Qe1 Re4 38. Qd1 Rd4 39. Qc1 Qd6 40. Ke2
Re4+ 41. Re3 Qd3+ 42. Kf2 Rf4+ 43. Kg1 Qd4 44. Rhh3 Re4 45. Kh1 Qe5 46. Rxe4
Nxe4 47. Qe3 Qa1+ 48. Kh2 Qe5+ 49. Rg3 Kh7 50. Kh3 Qxf5+ 51. Rg4 Nf6 52. e7
Qxg4+ 53. Kh2 Qd7 0-1

[Event "Dundee & Angus Open"]
[Site "?"]
[Date "2012.??.??"]
[Round "3"]
[White "Spencer, Ed"]
[Black "Burns-Mannion, Stephen"]
[Result "0-1"]
[WhiteElo "2038"]
[BlackElo "2342"]
[PlyCount "74"]

1. e4 e5 2. d4 exd4 3. Qxd4 Nc6 4. Qd3 Nf6 5. Nc3 Bb4 6. Bd2 O-O 7. O-O-O Re8
8. Nge2 d6 9. Bg5 h6 10. Bxf6 Qxf6 11. Nd5 Qd8 12. Nxb4 Nxb4 13. Qd4 c5 14. Qe3
Nxa2+ 15. Kb1 Nb4 16. c3 Nc6 17. Nf4 Ne5 18. Nd5 f5 19. f4 Ng4 20. Qg3 fxe4 21.
Bb5 Rf8 22. Bc4 Kh8 23. h3 Nf6 24. Ne3 b5 25. Bb3 c4 26. Bc2 a5 27. Rd4 a4 28.
Qg6 a3 29. Rxe4 axb2 30. Kxb2 Qa5 31. Bb1 Qa3+ 32. Kc2 Nxe4 33. Qxe4 d5 34.
Qxd5 Ba6 35. Nf5 Rad8 36. Qe5 Rd7 37. Rf1 Rfd8 0-1

[Event "Dundee & Angus Open"]
[Site "?"]
[Date "2012.??.??"]
[Round "3"]
[White "Grant, Alan"]
[Black "Neave, George"]
[Result "1/2-1/2"]
[WhiteElo "2114"]
[BlackElo "2051"]
[PlyCount "94"]

1. b3 e5 2. Bb2 Nc6 3. e3 Nf6 4. c4 d5 5. cxd5 Nxd5 6. a3 Bd6 7. Qc2 O-O 8. Nf3
Qe7 9. d3 a5 10. Nbd2 f5 11. Be2 Bd7 12. O-O Rae8 13. Nc4 Rf6 14. Nxd6 cxd6 15.
d4 e4 16. Bc4 Be6 17. Ng5 Rg6 18. Nxe6 Qxe6 19. f3 b5 20. Bxd5 Qxd5 21. fxe4
Rxe4 22. Rf3 Rge6 23. Raf1 g6 24. Bc1 Re8 25. Bd2 Rc8 26. Bxa5 Ree8 27. Qd2
Qxb3 28. Bb4 Nxb4 29. Qxb4 Qxb4 30. axb4 Rc3 31. Ra1 Rb3 32. Ra6 Rd8 33. e4
Rb1+ 34. Rf1 Rxb4 35. exf5 Rxd4 36. fxg6 hxg6 37. Rb6 b4 38. Rb1 Re8 39. R6xb4
Rd2 40. R4b2 Ree2 41. Rxd2 Rxd2 42. Rb7 d5 43. h4 Re2 44. Kf1 Re5 45. Rd7 Kf8
46. Kf2 Ke8 47. Rd6 Kf7 1/2-1/2

[Event "Dundee & Angus Open"]
[Site "?"]
[Date "2012.??.??"]
[Round "3"]
[White "Jelfs, Alan"]
[Black "Hogg, Steve"]
[Result "1-0"]
[WhiteElo "1858"]
[BlackElo "1933"]
[PlyCount "79"]

1. d4 b5 2. e4 a6 3. Bd3 Bb7 4. f3 e6 5. Be3 Nf6 6. Ne2 d6 7. Nd2 Nbd7 8. c3 g6
9. g4 Bg7 10. Ng3 h6 11. Qe2 c5 12. Kf2 O-O 13. h4 Nh7 14. Rag1 Qb6 15. dxc5
Nxc5 16. Bb1 Qc7 17. Bd4 e5 18. Be3 d5 19. exd5 Bxd5 20. h5 g5 21. b4 Ne6 22.
Bxh7+ Kxh7 23. Qd3+ f5 24. Nxf5 Nf4 25. Bxf4 gxf4 26. Nxg7+ Kxg7 27. Qg6+ Kh8
28. Qxh6+ Kg8 29. Qg6+ Kh8 30. Qc2 a5 31. Rc1 Qb6+ 32. Kg2 axb4 33. Ra1 bxc3
34. Qxc3 Qe6 35. Kh3 Rfc8 36. Qb2 b4 37. Rhc1 Rxc1 38. Rxc1 Ra3 39. Qxb4 Bxf3
40. Qf8+ 1-0

[Event "Dundee & Angus Open"]
[Site "?"]
[Date "2012.??.??"]
[Round "3"]
[White "Newton, Andrew"]
[Black "Jennings, Richard"]
[Result "1-0"]
[WhiteElo "1813"]
[BlackElo "1747"]
[PlyCount "91"]

1. e4 e5 2. Nf3 Nf6 3. Nxe5 d6 4. Nf3 Nxe4 5. d4 d5 6. Bd3 Nc6 7. O-O Bg4 8. c3
Bd6 9. h3 Bh5 10. Re1 f5 11. g4 Bg6 12. gxf5 Bxf5 13. Ng5 O-O 14. Bxe4 dxe4 15.
Qb3+ Kh8 16. Nf7+ Rxf7 17. Qxf7 Bg6 18. Qe6 Qf8 19. Qg4 Bh2+ 20. Kg2 Ne7 21.
Qe2 Bf4 22. Bxf4 Qxf4 23. Qe3 Qf7 24. Nd2 Nd5 25. Qg3 Nf4+ 26. Kh2 Nh5 27. Qe3
Rf8 28. Rf1 Re8 29. b3 Qf6 30. Rae1 Qd6+ 31. Kh1 Nf4 32. f3 Nd5 33. Qg1 e3 34.
Nc4 Qe6 35. Qg3 e2 36. Rf2 Nxc3 37. Ne5 Bf5 38. Rg2 g6 39. Kh2 c5 40. f4 cxd4
41. Qf2 Rd8 42. Qh4 Re8 43. Qf2 d3 44. Qd4 Nb5 45. Nxg6+ Kg8 46. Ne7+ 1-0

[Event "Dundee & Angus Open"]
[Site "?"]
[Date "2012.??.??"]
[Round "3"]
[White "Olson, Hamish"]
[Black "Berry, Neil"]
[Result "1/2-1/2"]
[WhiteElo "2007"]
[BlackElo "2216"]
[PlyCount "72"]

1. g3 d5 2. Bg2 e5 3. d3 Be6 4. Nf3 f6 5. O-O Qd7 6. c4 c6 7. cxd5 cxd5 8. Nc3
Nc6 9. e4 d4 10. Nd5 Nge7 11. Nxe7 Bxe7 12. Bd2 O-O 13. Nh4 a5 14. Qa4 Rfc8 15.
a3 Nb8 16. Qxd7 Nxd7 17. b4 Rc2 18. Nf3 a4 19. Rfc1 Rac8 20. Ne1 Rxc1 21. Rxc1
Nb6 22. Bf3 Rxc1 23. Bxc1 Bb3 24. Kf1 Nc8 25. Bg4 Nd6 26. Bd7 Bf8 27. f4 g6 28.
fxe5 fxe5 29. Nf3 Bg7 30. Ke2 Kf7 31. Bg5 Bf6 32. Bxf6 Kxf6 33. Kd2 Nf7 34. Be8
Nd6 35. Bd7 Nf7 36. Be8 Nd6 1/2-1/2

[Event "Dundee & Angus Open"]
[Site "?"]
[Date "2012.??.??"]
[Round "3"]
[White "Tsang, Sai Kong"]
[Black "Pyrich, George"]
[Result "1/2-1/2"]
[WhiteElo "1830"]
[BlackElo "1925"]
[PlyCount "50"]

1. d4 Nf6 2. Nf3 g6 3. c4 Bg7 4. Nc3 O-O 5. e4 d6 6. Be2 e5 7. O-O Nc6 8. Re1
Bg4 9. d5 Bxf3 10. Bxf3 Nd4 11. Be3 Nd7 12. Rb1 c5 13. b4 f5 14. Nb5 Nf6 15.
Bxd4 cxd4 16. c5 fxe4 17. Bg4 dxc5 18. Be6+ Kh8 19. bxc5 Ne8 20. Rxe4 a6 21.
Nd6 Nxd6 22. cxd6 Qxd6 23. Rxb7 Rab8 24. Rxb8 Rxb8 25. g3 Qc5 1/2-1/2

[Event "Dundee & Angus Open"]
[Site "?"]
[Date "2012.??.??"]
[Round "3"]
[White "Abdulla, Murad"]
[Black "Romilly, Peter"]
[Result "1-0"]
[WhiteElo "1746"]
[BlackElo "2157"]
[PlyCount "59"]

1. e4 e5 2. Nf3 Nc6 3. d4 exd4 4. Bc4 Nf6 5. e5 d5 6. Bb5 Ne4 7. Nxd4 Bd7 8.
Bxc6 bxc6 9. O-O Be7 10. f3 Nc5 11. f4 O-O 12. Be3 f6 13. exf6 Rxf6 14. Nd2 Bd6
15. c4 Qe7 16. Qe2 Re8 17. Rae1 Ne4 18. Qd3 Qf7 19. Nxe4 Rxe4 20. g3 h6 21.
cxd5 cxd5 22. Nb3 Bh3 23. Rf2 c6 24. Rc2 Bb4 25. Rec1 Rfe6 26. Bf2 Qe8 27. Nd4
Rd6 28. Nxc6 Qh5 29. Nxb4 Rxb4 30. Bc5 1-0

[Event "Dundee & Angus Open"]
[Site "?"]
[Date "2012.??.??"]
[Round "3"]
[White "Robertson, David"]
[Black "O'Rourke, Dominic"]
[Result "1/2-1/2"]
[WhiteElo "2032"]
[BlackElo "1813"]
[PlyCount "61"]

1. d4 Nf6 2. c4 g6 3. Nc3 Bg7 4. e4 d6 5. h3 O-O 6. Be3 Nbd7 7. Nf3 e5 8. d5 a5
9. Be2 Nc5 10. Qc2 Nh5 11. g3 Bd7 12. Nd2 Nf6 13. O-O-O a4 14. g4 c6 15. g5 Nh5
16. Bxh5 gxh5 17. Rdg1 b5 18. dxc6 Bxc6 19. cxb5 Bb7 20. Bxc5 dxc5 21. Rg3 a3
22. b3 h4 23. Rgg1 Kh8 24. Nf3 f5 25. Nxh4 Bxe4 26. Nxe4 fxe4 27. Rg2 Rf4 28.
Rg4 Qd4 29. Rxf4 exf4 30. Rd1 Qa1+ 31. Qb1 1/2-1/2

[Event "Dundee & Angus Open"]
[Site "?"]
[Date "2012.??.??"]
[Round "3"]
[White "Marks, Ian"]
[Black "Roy, Ali"]
[Result "1-0"]
[WhiteElo "1922"]
[BlackElo "1838"]
[PlyCount "61"]

1. d4 d5 2. c4 c6 3. Nf3 Nf6 4. Nc3 e6 5. Bg5 Nbd7 6. e3 Be7 7. Rc1 O-O 8. Bd3
a6 9. O-O dxc4 10. Bxc4 b5 11. Bd3 Bb7 12. e4 c5 13. e5 Nd5 14. Bxe7 Qxe7 15.
Ne4 cxd4 16. Bb1 Nf4 17. g3 Ng6 18. Qxd4 Rac8 19. Rfd1 Bd5 20. h4 h5 21. Neg5
Rc6 22. Rxc6 Bxc6 23. Rc1 Nb8 24. Qb6 Qd7 25. Bc2 Ne7 26. Qe3 Bd5 27. Nh7 Bxf3
28. Nf6+ gxf6 29. exf6 Nf5 30. Bxf5 exf5 31. Qg5+ 1-0

[Event "Dundee & Angus Open"]
[Site "?"]
[Date "2012.??.??"]
[Round "3"]
[White "Doyle, Jim"]
[Black "Babin, Andre"]
[Result "1-0"]
[WhiteElo "1924"]
[BlackElo "1749"]
[PlyCount "105"]

1. e4 e6 2. d3 d5 3. Nd2 c5 4. g3 Nf6 5. Bg2 Nc6 6. Ngf3 Be7 7. h4 dxe4 8. dxe4
e5 9. c3 Bg4 10. Qc2 Qc7 11. Nc4 O-O-O 12. Ne3 Be6 13. Ng5 Kb8 14. Nxe6 fxe6
15. Bd2 Rhf8 16. O-O-O Ng8 17. Rhf1 g5 18. hxg5 Bxg5 19. Bh3 Rde8 20. Nc4 h6
21. Bxg5 hxg5 22. Qd2 Nf6 23. Qe3 g4 24. Bg2 b6 25. Nd6 Rd8 26. Nb5 Rxd1+ 27.
Rxd1 Qe7 28. Qe2 Ne8 29. Na3 Nc7 30. Nc4 Ne8 31. Ne3 Nf6 32. Rd2 Rg8 33. Qb5
Qc7 34. Nc4 Rd8 35. Rxd8+ Nxd8 36. Ne3 Nb7 37. Qe2 Qg7 38. Qd1 Qg6 39. Nc4 Kc7
40. Kc2 Qg5 41. Qd2 Qxd2+ 42. Kxd2 Nd6 43. Nxe5 Ndxe4+ 44. Bxe4 Nxe4+ 45. Ke3
Nf6 46. Kf4 Kd6 47. Nxg4 Nd7 48. Ke4 b5 49. f4 a5 50. f5 exf5+ 51. Kxf5 a4 52.
Ne3 b4 53. g4 1-0

[Event "Dundee & Angus Open"]
[Site "?"]
[Date "2012.??.??"]
[Round "3"]
[White "MacQueen, Calum"]
[Black "Mayo, Kevin"]
[Result "1-0"]
[WhiteElo "2272"]
[BlackElo "1836"]
[PlyCount "119"]

1. d4 e6 2. c4 b6 3. Nf3 Bb7 4. g3 Nf6 5. Bg2 d5 6. Ne5 Nfd7 7. Nxd7 Qxd7 8.
Nc3 Be7 9. cxd5 exd5 10. O-O O-O 11. Bf4 Na6 12. Qb3 c6 13. Rad1 Nc7 14. Bxc7
Qxc7 15. Rfe1 f5 16. e3 Kh8 17. Rc1 Qd7 18. Rc2 Ba6 19. Bf1 Bxf1 20. Rxf1 f4
21. exf4 Rxf4 22. Nxd5 Rxd4 23. Nxe7 Qxe7 24. Rxc6 Rf8 25. Qc3 Rd7 26. Rc8 Rxc8
27. Qxc8+ Rd8 28. Qc3 h6 29. Re1 Qd6 30. a3 a5 31. h4 Qd2 32. Qxd2 Rxd2 33. b3
Rd3 34. Re3 Rd6 35. Kg2 Kg8 36. h5 Kf7 37. g4 g6 38. hxg6+ Kxg6 39. Re5 Rc6 40.
f3 Kg7 41. Kg3 Kg6 42. Rb5 Kg7 43. Kf4 Kf6 44. Ke4 Ke6 45. Rh5 Kf7 46. a4 Kg7
47. f4 Kg6 48. Rb5 Kf6 49. Kd4 Kg6 50. Kd5 Rf6 51. Ke5 Rc6 52. Rd5 Kg7 53. Rd7+
Kg8 54. Rd6 Rc5+ 55. Kf6 b5 56. g5 hxg5 57. fxg5 bxa4 58. Rd8+ Kh7 59. g6+ Kh6
60. Rh8# 1-0

[Event "Dundee & Angus Open"]
[Site "?"]
[Date "2012.??.??"]
[Round "3"]
[White "Campbell, Duncan A.F."]
[Black "Donohue, Tom"]
[Result "1-0"]
[WhiteElo "1898"]
[BlackElo "2012"]
[PlyCount "61"]

1. e4 c5 2. Nc3 e6 3. g3 d5 4. exd5 exd5 5. d4 cxd4 6. Qxd4 Nf6 7. Bg2 Nc6 8.
Qa4 Bc5 9. Bg5 O-O 10. O-O-O d4 11. Bxc6 bxc6 12. Qxc6 Bg4 13. Qxc5 Bxd1 14.
Nxd1 Qd7 15. Bxf6 gxf6 16. Nf3 Rfd8 17. Qc4 Rac8 18. Qd3 Qd5 19. Kb1 Rc6 20.
Re1 Re6 21. b3 a5 22. a4 Qd6 23. Nb2 Qe7 24. Rd1 Re4 25. Nc4 Re2 26. Nxa5 Rxf2
27. Nc6 Qd7 28. Nxd8 Qxd8 29. Rf1 Rg2 30. Qxd4 Qc8 31. Rf2 1-0

[Event "Dundee & Angus Open"]
[Site "Dundee & Angus Congress 2012"]
[Date "2012.??.??"]
[Round "4"]
[White "Abdulla, Murad "]
[Black "Grant, Alan "]
[Result "1/2-1/2"]
[WhiteElo "1746"]
[BlackElo "2114"]
[PlyCount "61"]

1. e4 c5 2. Nf3 e6 3. d4 cxd4 4. Nxd4 a6 5. Nc3 Qc7 6. Be3 Bb4 7. Qd2 Nf6 8.
Bd3 d5 9. exd5 Nxd5 10. Nde2 Nxe3 11. Qxe3 Nc6 12. a3 Be7 13. Ng3 Qe5 14. Be4
Bd7 15. O-O O-O 16. Bxh7+ Kxh7 17. Qd3+ f5 18. Qxd7 Qd6 19. Rad1 Qxd7 20. Rxd7
Rab8 21. Re1 Rfd8 22. Rxd8 Nxd8 23. Nh5 Rc8 24. Rd1 Rc7 25. Nf4 Bf6 26. g3 g5
27. Nfe2 Nf7 28. Nd4 Nd8 29. Nde2 Nf7 30. Nd4 Nd8 31. Nde2 1/2-1/2

[Event "Dundee & Angus Open"]
[Site "?"]
[Date "2012.??.??"]
[Round "4"]
[White "Pyrich, George"]
[Black "Dawson, Alastair"]
[Result "0-1"]
[WhiteElo "1925"]
[BlackElo "1760"]
[PlyCount "44"]

1. d4 Nf6 2. c4 g6 3. Nc3 d6 4. e4 Bg7 5. h3 O-O 6. Bg5 c5 7. d5 b5 8. cxb5 a6
9. a4 Qa5 10. Bd2 Qb4 11. Bd3 c4 12. Bc2 Nfd7 13. Nge2 Nc5 14. O-O Nb3 15. Bxb3
cxb3 16. Ra3 axb5 17. Rxb3 Qc4 18. axb5 Nd7 19. Ra3 Bb7 20. Qc2 Rac8 21. Ra4
Qxe2 22. Re1 Qxb5 0-1

[Event "Dundee & Angus Open"]
[Site "?"]
[Date "2012.??.??"]
[Round "4"]
[White "Grove, Michael"]
[Black "Walker, Duncan"]
[Result "1-0"]
[WhiteElo "1922"]
[BlackElo "1884"]
[PlyCount "51"]

1. e4 Nf6 2. e5 Nd5 3. Bc4 e6 4. Nf3 b6 5. O-O Bb7 6. d4 Be7 7. Bb3 c6 8. c4
Nc7 9. Nc3 d5 10. exd6 Bxd6 11. Ng5 Nd7 12. d5 cxd5 13. cxd5 e5 14. f4 O-O 15.
Qd3 g6 16. Qh3 h5 17. Nce4 Bc5+ 18. Kh1 Bxd5 19. Qxd7 Bxb3 20. axb3 exf4 21.
Bxf4 Nd5 22. Qxd5 Qxd5 23. Nf6+ Kg7 24. Nxd5 Rad8 25. Nc3 a5 26. Nge4 1-0

[Event "Dundee & Angus Open"]
[Site "?"]
[Date "2012.??.??"]
[Round "4"]
[White "O'Rourke, Dominic"]
[Black "Payada, Dmitriy"]
[Result "0-1"]
[WhiteElo "1813"]
[BlackElo "2014"]
[PlyCount "32"]

1. e4 e6 2. d4 d5 3. Nc3 Bb4 4. e5 c5 5. a3 Bxc3+ 6. bxc3 Qc7 7. Bd3 cxd4 8.
cxd4 Qc3+ 9. Bd2 Qxd4 10. Nf3 Qg4 11. O-O Nc6 12. h3 Qh5 13. g4 Qxh3 14. Ng5
Qh4 15. Kg2 Nxe5 16. f3 Nxd3 0-1